[Event "Arvier Spring op-B"]
[Site "Arvier"]
[Date "2017.04.23"]
[Round "3.2"]
[White "Benenati, Gianfranco"]
[Black "Zuccoli, Maurizio"]
[Result "1-0"]
[WhiteElo "1738"]
[BlackElo "1751"]
[PlyCount "131"]
[EventDate "2017.04.21"]
[EventType "tourn"]
[EventRounds "7"]
[EventCountry "ITA"]
[SourceTitle "EXT 2023"]
[Source "ChessBase"]
[SourceDate "2022.10.05"]
[SourceVersion "1"]
[SourceVersionDate "2022.10.05"]
[SourceQuality "1"]

1. e4 c5 2. Nf3 d6 3. d4 cxd4 4. Nxd4 Nf6 5. Nc3 a6 6. Be2 Qc7 7. 0-0 e6 8. Be3 Be7 9. Qd2 b5 10. a3 Bb7 11. f3 0-0 12. Bd3 Nbd7 13. Qf2 Rfc8 14. Rac1 Ne5 15. Nce2 Nc4 16. Bxc4 Qxc4 17. b3 Qc7 18. Qg3 Nh5 19. Qg4 Nf6 20. Qg3 Nh5 21. Qf2 d5 22. exd5 Bxd5 23. b4 Qe5 24. g4 Nf6 25. Bf4 Nxg4 26. Bxe5 Nxf2 27. Kxf2 f6 28. Bg3 Bd8 29. Kg2 Bb6 30. Bf2 Bc7 31. Rfe1 Kf7 32. Nc3 Bc4 33. Ne4 Bf4 34. Be3 Bb8 35. Nc5 Rd8 36. Nc6 Rd6 37. Nxb8 Rxb8 38. Ne4 Rd7 39. Rcd1 Rbd8 40. Rxd7+ Rxd7 41. Nc5 Rd6 42. Ne4 Rd7 43. Bc5 Bd5 44. Nd6+ Kg6 45. Kf2 Kh5 46. Rg1 g5 47. Re1 Kg6 48. Ne4 h5 49. Nc3 Kf5 50. Ne2 Bc4 51. Nd4+ Kg6 52. Nxe6 Rd2+ 53. Kg1 Rxc2 54. Nc7 Be2 55. Nxa6 Bxf3 56. Bf2 Rc8 57. Nc5 Kf5 58. Nb3 Kg4 59. Nd4 Bd5 60. Nxb5 f5 61. Bc5 f4 62. Rd1 Bf3 63. Re1 Rd8 64. Nd6 h4 65. Nf7 Rd2 66. Ne5+ 1-0

[Event "Omegna op 4th"]
[Site "Omegna"]
[Date "2016.08.07"]
[Round "5"]
[White "Benenati, Gianfranco"]
[Black "Vecchione, Anna Pia"]
[Result "0-1"]
[WhiteElo "1817"]
[BlackElo "1840"]
[PlyCount "138"]
[EventDate "2016.08.05"]
[EventType "swiss"]
[EventRounds "5"]
[EventCountry "ITA"]
[SourceTitle "EXT 2018"]
[Source "ChessBase"]
[SourceDate "2017.10.13"]
[SourceVersion "1"]
[SourceVersionDate "2017.10.13"]
[SourceQuality "1"]

1. e4 c5 2. Nf3 e6 3. d4 cxd4 4. Nxd4 a6 5. Be2 Qc7 6. Be3 Nf6 7. Nd2 Be7 8. 0-0 0-0 9. f4 Bc5 10. Bf3 d6 11. Bf2 e5 12. Ne2 Ng4 13. Bxg4 Bxg4 14. f5 Bxe2 15. Qxe2 Bxf2+ 16. Qxf2 Qxc2 17. Rac1 Qd3 18. Rc3 Qd4 19. Re3 f6 20. Nb3 Qb6 21. Rd3 Qxf2+ 22. Rxf2 Rd8 23. Rfd2 Nc6 24. Rxd6 Nd4 25. Rxd8+ Rxd8 26. Nxd4 exd4 27. Kf2 g6 28. fxg6 hxg6 29. Ke2 Kf7 30. Kd3 Ke6 31. Rc2 Rd7 32. Rc4 Ke5 33. Rc5+ Ke6 34. h4 f5 35. exf5+ gxf5 36. h5 Rh7 37. Kxd4 Rxh5 38. Re5+ Kd6 39. Re2 Rh4+ 40. Kd3 Kd5 41. b3 Rg4 42. Rf2 f4 43. a3 Ke5 44. Re2+ Kd5 45. Re7 Rg3+ 46. Ke2 Rxg2+ 47. Kf3 Rg3+ 48. Kxf4 Rxb3 49. Re5+ Kc4 50. Re4+ Kb5 51. Re7 Ka4 52. Ke4 Kxa3 53. Kd4 a5 54. Kc4 Rb4+ 55. Kc3 b5 56. Re1 Rc4+ 57. Kd3 a4 58. Rb1 Rb4 59. Re1 Rb3+ 60. Kc2 Rb2+ 61. Kc3 b4+ 62. Kd3 Kb3 63. Re3 a3 64. Kd4+ Ka4 65. Kc4 Rc2+ 66. Kd4 a2 67. Re1 Kb3 68. Kd3 Kb2 69. Re4 b3 0-1

[Event "Omegna op 4th"]
[Site "Omegna"]
[Date "2016.08.07"]
[Round "4"]
[White "Tortora, Franco"]
[Black "Benenati, Gianfranco"]
[Result "1/2-1/2"]
[WhiteElo "1860"]
[BlackElo "1817"]
[PlyCount "82"]
[EventDate "2016.08.05"]
[EventType "swiss"]
[EventRounds "5"]
[EventCountry "ITA"]
[SourceTitle "EXT 2018"]
[Source "ChessBase"]
[SourceDate "2017.10.13"]
[SourceVersion "1"]
[SourceVersionDate "2017.10.13"]
[SourceQuality "1"]

1. d4 Nf6 2. c4 g6 3. Nc3 Bg7 4. e4 d6 5. Nge2 c6 6. Ng3 Nbd7 7. Be2 0-0 8. 0-0 e5 9. d5 cxd5 10. cxd5 a5 11. Be3 b6 12. a3 Nc5 13. b4 Ncd7 14. Qd2 Ba6 15. Bxa6 Rxa6 16. Qe2 Ra8 17. Rac1 Qb8 18. Nb5 axb4 19. axb4 h5 20. f3 Rd8 21. Rc6 Ne8 22. Rfc1 Ra4 23. Bd2 Ra2 24. Nf1 Kh7 25. Qc4 Ra8 26. Nc7 Nxc7 27. Rxc7 Ra7 28. Rc6 b5 29. Qc2 Nb6 30. Be3 Rb7 31. Bxb6 Rxb6 32. Kh1 Rb7 33. Rc7 Bh6 34. Rxb7 Qxb7 35. Qc7 Rd7 36. Qxb7 Rxb7 37. Rc6 Ra7 38. Kg1 Ra1 39. Kf2 Ra2+ 40. Kg3 Ra1 41. Kf2 Ra2+ 1/2-1/2

[Event "Arvier Grand Paradis op-B"]
[Site "Arvier"]
[Date "2016.07.25"]
[Round "2"]
[White "Benenati, Gianfranco"]
[Black "Buffoni, Luca"]
[Result "1-0"]
[WhiteElo "1817"]
[BlackElo "1740"]
[PlyCount "119"]
[EventDate "2016.07.24"]
[EventType "swiss"]
[EventRounds "6"]
[EventCountry "ITA"]
[SourceTitle "EXT 2017"]
[Source "ChessBase"]
[SourceDate "2016.10.25"]
[SourceVersion "1"]
[SourceVersionDate "2016.10.25"]
[SourceQuality "1"]

1. e4 e5 2. Nf3 Nf6 3. d3 d5 4. exd5 Qxd5 5. Nc3 Bb4 6. Bd2 Bxc3 7. Bxc3 Nc6 8. Be2 Bf5 9. 0-0 0-0 10. Nh4 Be6 11. f4 Nd4 12. fxe5 Qxe5 13. Rf2 Nd5 14. Nf3 Nxc3 15. Nxe5 Nxd1 16. Bxd1 f6 17. Ng4 Rae8 18. c3 Nf5 19. Rf4 h5 20. Nf2 g5 21. Rb4 c5 22. Re4 g4 23. Ba4 Re7 24. Rae1 Kf7 25. a3 Bd5 26. Rxe7+ Nxe7 27. Ne4 Bxe4 28. Rxe4 Rd8 29. Bb3+ Kf8 30. d4 cxd4 31. cxd4 Nd5 32. Kf2 Kg7 33. Bxd5 Rxd5 34. Ke3 Kf7 35. Rf4 f5 36. Kd3 b5 37. Rf2 Ke6 38. Rc2 Rd7 39. Rc6+ Rd6 40. Rc8 Kf6 41. g3 a6 42. Rh8 Kg6 43. Re8 Kf7 44. Re5 Kf6 45. Ke3 Rc6 46. Rc5 Re6+ 47. Kd3 Kg5 48. d5 Re1 49. Kd2 Rh1 50. d6 Rxh2+ 51. Kc3 Kf6 52. Rd5 Ke6 53. d7 Kxd5 54. d8Q+ Ke5 55. Kd3 Rh3 56. Qd4+ Ke6 57. Qf4 h4 58. Kd4 hxg3 59. Qe5+ Kd7 60. Qxf5+ 1-0

[Event "Omegna op-B 3rd"]
[Site "Omegna"]
[Date "2015.08.07"]
[Round "1"]
[White "Trisconi, Alessio"]
[Black "Benenati, Gianfranco"]
[Result "1/2-1/2"]
[WhiteElo "1641"]
[BlackElo "1879"]
[PlyCount "83"]
[EventDate "2015.08.07"]
[EventType "swiss"]
[EventRounds "5"]
[EventCountry "ITA"]
[SourceTitle "EXT 2018"]
[Source "ChessBase"]
[SourceDate "2017.10.13"]
[SourceVersion "1"]
[SourceVersionDate "2017.10.13"]
[SourceQuality "1"]

1. e4 e5 2. Nf3 Nc6 3. Bb5 a6 4. Bxc6 dxc6 5. d4 exd4 6. Qxd4 Qxd4 7. Nxd4 Bc5 8. Nb3 Bb6 9. Nc3 Be6 10. Bf4 Nf6 11. 0-0 0-0 12. h3 Rfe8 13. Rfe1 h6 14. Rad1 Rad8 15. Nd2 g5 16. Be3 Ba5 17. e5 Bxc3 18. bxc3 Nd5 19. Bd4 c5 20. c4 cxd4 21. cxd5 Bxd5 22. Ne4 Bxe4 23. Rxe4 c5 24. f3 Kg7 25. a4 b5 26. axb5 axb5 27. Rb1 Rb8 28. Kf2 b4 29. Ke2 f5 30. exf6+ Kxf6 31. Kd3 Rxe4 32. fxe4 Ke5 33. Kc4 Kxe4 34. Re1+ Kf4 35. Kxc5 Rc8+ 36. Kxd4 Rxc2 37. Re6 Rxg2 38. Rxh6 Rh2 39. Rf6+ Kg3 40. Rg6 Kxh3 41. Rxg5 b3 42. Rh5+ 1/2-1/2

[Event "San Bernardino op"]
[Site "San Bernardino"]
[Date "2013.09.13"]
[Round "1"]
[White "Benenati, Gianfranco"]
[Black "Mantovani, Renzo"]
[Result "0-1"]
[WhiteElo "1848"]
[BlackElo "2360"]
[PlyCount "62"]
[EventDate "2013.09.13"]
[EventType "swiss"]
[EventRounds "9"]
[EventCountry "SUI"]
[SourceTitle "EXT 2014"]
[Source "ChessBase"]
[SourceDate "2013.11.20"]
[SourceVersion "1"]
[SourceVersionDate "2013.11.20"]
[SourceQuality "1"]

1. e4 c5 2. Nf3 d6 3. d4 cxd4 4. Nxd4 Nf6 5. Nc3 Nc6 6. Bc4 e6 7. Bb3 a6 8. a3 Qc7 9. f3 Be7 10. Be3 0-0 11. Qd2 Na5 12. 0-0 b5 13. Qf2 Nc4 14. Bxc4 Qxc4 15. Nb3 Bd7 16. Rad1 a5 17. Rd4 Qc7 18. Rd2 b4 19. Nb1 Rfb8 20. Nd4 bxa3 21. bxa3 d5 22. Kh1 Rb2 23. c3 Rxd2 24. Bxd2 Rb8 25. exd5 Nxd5 26. Rc1 e5 27. c4 exd4 28. cxd5 Qxc1+ 29. Bxc1 Rxb1 30. Qg1 d3 31. Qd1 Bxa3 0-1

[Event "Omegna op 1st"]
[Site "Omegna"]
[Date "2013.07.05"]
[Round "3"]
[White "Ferri, Antonio"]
[Black "Benenati, Gianfranco"]
[Result "0-1"]
[WhiteElo "1650"]
[BlackElo "1855"]
[PlyCount "96"]
[EventDate "2013.07.04"]
[EventType "swiss"]
[EventRounds "6"]
[EventCountry "ITA"]
[SourceTitle "EXT 2014"]
[Source "ChessBase"]
[SourceDate "2013.11.20"]
[SourceVersion "1"]
[SourceVersionDate "2013.11.20"]
[SourceQuality "1"]

1. d4 Nf6 2. c4 g6 3. Nc3 Bg7 4. e4 d6 5. Nf3 0-0 6. Be2 Nbd7 7. 0-0 e5 8. d5 Nc5 9. Qc2 a5 10. a4 h6 11. Be3 b6 12. h3 Kh7 13. Nd2 Ng8 14. Bxc5 bxc5 15. Nf3 f5 16. Bd3 f4 17. Nh2 Qg5 18. f3 Bxh3 19. Kh1 Bd7 20. Nd1 Nf6 21. Nf2 Nh5 22. Kg1 Ng3 23. Rfe1 h5 24. Nh1 h4 25. Kf2 Bf6 26. Rg1 Kg7 27. Ke1 Rh8 28. Nf2 Be7 29. Nhg4 Bxg4 30. Nxg4 Nh5 31. Kd2 Nf6 32. Nf2 Qg3 33. Kc3 Rab8 34. Rab1 Rb4 35. b3 Rhb8 36. Nh3 Nh7 37. Nf2 Qg5 38. Nh3 Qf6 39. Nf2 Qf8 40. Rb2 Nf6 41. Kd2 Nh5 42. Ng4 Ng3 43. Nf2 Qc8 44. Qd1 Rxa4 45. Bc2 Rxc4 46. Nd3 Rd4 47. Qa1 Rb5 48. Rgb1 h3 0-1

[Event "ITA-ch C"]
[Site "Civitanova Marche"]
[Date "2012.07.21"]
[Round "7"]
[White "Faini, Ivano"]
[Black "Benenati, Gianfranco"]
[Result "0-1"]
[WhiteElo "1631"]
[BlackElo "1916"]
[PlyCount "82"]
[EventDate "2012.07.15"]
[EventType "swiss"]
[EventRounds "8"]
[EventCountry "ITA"]
[SourceTitle "EXT 2023"]
[Source "ChessBase"]
[SourceDate "2022.10.05"]
[SourceVersion "1"]
[SourceVersionDate "2022.10.05"]
[SourceQuality "1"]

1. c4 Nf6 2. g3 g6 3. Bg2 Bg7 4. e4 d6 5. Ne2 0-0 6. 0-0 e5 7. d3 Nc6 8. Nbc3 h6 9. h3 Be6 10. Rb1 a5 11. Be3 Kh7 12. Qd2 Ng8 13. Nd5 f5 14. f4 fxe4 15. dxe4 Bxd5 16. cxd5 Nce7 17. Rbc1 Qd7 18. b3 b6 19. Rc2 Rac8 20. Rfc1 h5 21. Kh2 Nh6 22. Qd3 Bf6 23. fxe5 Bxe5 24. Bf4 Nf7 25. Qa6 g5 26. Be3 h4 27. Qb7 Qb5 28. Bd4 Ng6 29. Bxe5 Ngxe5 30. Nd4 Qd3 31. Ne6 Qxg3+ 32. Kh1 Nf3 33. Nxf8+ Kg8 34. Bxf3 Qxf3+ 35. Rg2 Qxh3+ 36. Rh2 Qf3+ 37. Kg1 Qe3+ 38. Rf2 Qxc1+ 39. Kg2 Rxf8 40. Qa6 Qe3 41. Qc4 Qxf2+ 0-1

[Event "Torino Province-ch"]
[Site "Torino"]
[Date "2012.03.27"]
[Round "6"]
[White "Tondo, Stefano"]
[Black "Benenati, Gianfranco"]
[Result "0-1"]
[WhiteElo "1752"]
[BlackElo "1847"]
[PlyCount "70"]
[EventDate "2012.02.21"]
[EventType "swiss"]
[EventRounds "7"]
[EventCountry "ITA"]
[SourceTitle "EXT 2015"]
[Source "ChessBase"]
[SourceDate "2014.11.20"]
[SourceVersion "1"]
[SourceVersionDate "2014.11.20"]
[SourceQuality "1"]

1. e4 c5 2. Nf3 Nc6 3. Bb5 g6 4. c3 Bg7 5. 0-0 e5 6. Re1 Nge7 7. Na3 0-0 8. Nc2 d6 9. d4 cxd4 10. cxd4 Bg4 11. d5 Nb8 12. Ne3 Bxf3 13. gxf3 f5 14. a4 Nd7 15. a5 a6 16. Bf1 Rc8 17. b4 fxe4 18. fxe4 Nf6 19. Nc4 Nh5 20. Nb6 Rc7 21. Bh3 Nf4 22. Bxf4 Rxf4 23. Be6+ Kh8 24. Rc1 Bh6 25. Rc2 Ng8 26. Ree2 Rf8 27. Rxc7 Qxc7 28. Rc2 Qe7 29. Rc3 Bf4 30. Rh3 Nf6 31. Qc2 Nh5 32. Nd7 Rd8 33. Qc7 Bg5 34. Rc3 Bd2 35. Qxd8+ Qxd8 0-1

[Event "Piverone op 1st"]
[Site "Piverone"]
[Date "2012.03.09"]
[Round "1"]
[White "Bozza, Alberto"]
[Black "Benenati, Gianfranco"]
[Result "0-1"]
[WhiteElo "1589"]
[BlackElo "1874"]
[PlyCount "128"]
[EventDate "2012.03.09"]
[EventType "swiss"]
[EventRounds "5"]
[EventCountry "ITA"]
[SourceTitle "EXT 2014"]
[Source "ChessBase"]
[SourceDate "2013.11.20"]
[SourceVersion "1"]
[SourceVersionDate "2013.11.20"]
[SourceQuality "1"]

1. e4 c5 2. Nf3 Nc6 3. d4 cxd4 4. Nxd4 g6 5. Bf4 Bg7 6. Be3 d6 7. c3 Nf6 8. f3 0-0 9. Bc4 Bd7 10. g4 Qb6 11. Qd2 Nxd4 12. cxd4 Rfc8 13. Be2 Qc7 14. Nc3 Qa5 15. Rc1 Rc7 16. Kf2 Rac8 17. h4 h5 18. gxh5 Qxh5 19. Rcg1 Qa5 20. Rg5 b5 21. a3 a6 22. e5 Nh7 23. exd6 exd6 24. Rg2 Rxc3 25. bxc3 Qxc3 26. Qxc3 Rxc3 27. h5 Bf5 28. hxg6 fxg6 29. Rgh2 Nf6 30. Bh6 Rxa3 31. Bxg7 Kxg7 32. Rh8 Ra2 33. Ra8 Nd5 34. Rhh8 Nf4 35. Rag8+ Kf6 36. Re8 Kg5 37. Kf1 Nxe2 38. Rh2 Ng3+ 39. Kg1 Ra1+ 40. Kf2 Nh5 41. Rd8 Nf4 42. Rxd6 b4 43. Rb6 Bd7 44. Rh7 Bb5 45. Rhb7 Rf1+ 46. Kg3 Ne2+ 47. Kg2 Nf4+ 48. Kg3 Rg1+ 49. Kh2 Rg2+ 50. Kh1 Be2 51. d5 Bxf3 52. d6 Rd2+ 53. Kg1 Bxb7 54. Rxb7 Rxd6 55. Rxb4 Rd2 56. Ra4 Rd6 57. Ra5+ Kg4 58. Ra4 g5 59. Ra2 Nd3 60. Rd2 Kf3 61. Kf1 Rd5 62. Rh2 g4 63. Rh7 Ra5 64. Rf7+ Nf4 0-1